MARC

LEADER 00000nam0a2200000 4500
001 364504
005 20251216171314.0
035 |a (RuTPU)RU\TPU\retro\21862 
090 |a 364504 
100 |a 20211117d1981 km y0rusy50 ca 
101 0 |a rus 
102 |a RU 
105 |a y z 001zy 
200 1 |a Проблемы истории русского общественного движения и исторической науки  |f Академия наук СССР, Институт истории СССР ; отв. ред. Е. М. Жуков 
210 |a Москва  |c Наука  |d 1981 
215 |a 344 с. 
320 |a Библиография в ссылках 
606 1 |a Историография в России  |2 stltpush  |3 (RuTPU)RU\TPU\subj\53391  |9 71660 
606 |a Революционное движение в России  |x История  |z 19 в.  |9 81876 
610 1 |a Россия 
610 1 |a общественное движение 
610 1 |a историческая наука 
610 1 |a исторические источники 
610 1 |a исторические исследования 
610 1 |a декабристы 
610 1 |a революционеры 
610 1 |a разночинцы 
686 |a Т1(2)  |2 rubbk 
686 |a Т3(2)52  |2 rubbk 
702 1 |a Жуков  |b Е. М.  |4 340 
712 0 2 |a Академия наук СССР  |b Институт истории СССР  |c (1968-1991)  |c (Москва)  |3 (RuTPU)RU\TPU\col\11069  |9 24964 
801 1 |a RU  |b 63413507  |c 20211117 
801 2 |a RU  |b 63413507  |c 20220930  |g RCR 
850 |a 63413507 
942 |c BK